Análisis, diseño y desarrollo del sistema automatizado de control de bienes, INETER

Se realiza el análisis, diseño y desarrollo del prototipo del sistema automatizado para el control de activos fijos en el Instituto Nicaragüense de Estudios Territoriales -INETER que sirva como una herramienta para agilizar las transacciones, aumentar la confiabilidad, seguridad en el almacenamie...

Full description

Bibliographic Details
Main Author: Borge Flores, Rubenia Olaska
Other Authors: Tutor: Espinoza Aragón; Evelyn del Carmen
Format: Tesis Section = Libro
Language:Undetermined
Spanish
Published: Managua UNI 2009
Subjects:
LEADER 01436nam a2200229Ia 4500
008 240830s9999 xx 000 0 und d
040 |a BIBLIOTECA-RUPAP Mon 025.04 B732 
041 |a spa 
082 |a Mon 025.04 B732 
100 1 |a Borge Flores, Rubenia Olaska 
245 1 0 |a Análisis, diseño y desarrollo del sistema automatizado de control de bienes, INETER 
260 |a Managua  |b UNI  |c 2009 
300 |a 334 p. :il. 
502 |a Tesis (Ingeniero de Sistemas)- UNI, 2009. 
520 3 |a Se realiza el análisis, diseño y desarrollo del prototipo del sistema automatizado para el control de activos fijos en el Instituto Nicaragüense de Estudios Territoriales -INETER que sirva como una herramienta para agilizar las transacciones, aumentar la confiabilidad, seguridad en el almacenamiento y recuperación de la información, asimismo que reducir la cantidad de errores en el procesamiento de los datos, que ocurren e actividades diarias del Departamento de Control de Bienes. También, desarrolla un prototipo de sistema que contribuya en la satisfacción de la demanda de información para la toma de decisiones en el instituto. 
650 7 |a DISEÑO DE SISTEMAS DE INFORMACIÓN AUTOMATIZADOS - CONTROL DE BIENES 
650 7 |b  ANÁLISIS - DISEÑO DE SISTEMAS 
650 7 |c  SISTEMA AUTOMATIZADO PROTOTIPO 
700 1 |a Tutor:  |b Espinoza Aragón; Evelyn del Carmen 
942 |c BK  |2 ddc 
991 |a TESIS 
999 |c 15367